Science Quiz

Random Science or Famous Quiz

Famous Inventors by Invention Quiz Stats

 Plays Quiz not verified by Sporcle

Score 0/15 Timer 05:00
0 Plays Today
Invention Inventor % Correct
dynamiteAlfred Nobel
94%
cornflake cerealJohn Harvey Kellogg
79.8%
penicillinAlexander Fleming
77.4%
batteryAlessandro Volta
66.7%
Coca-ColaJohn Pemberton
56%
radiocarbon datingWillard Frank Libby
44%
KevlarStephanie Kwolek
44%
automatic handgunJohn Moses Browning
42.9%
Invention Inventor % Correct
FM radioEdwin H. Armstrong
39.3%
artificial heartPaul Winchell
34.5%
magnifying glassRoger Bacon
29.8%
electron microscopeErnst Ruska
26.2%
triodeLee DeForest
25%
wireless remote controlRobert Adler
15.5%
TetrisAlexey Pajitnov
6%

You're not logged in!

Compare scores with friends on all Sporcle quizzes.
OR
Log In

Show Comments

Extras

Created Nov 4, 2010ReportNominate
Tags:Famous Quiz, invention, inventor

Top Quizzes Today


Score Distribution

Your Account Isn't Verified!

In order to create a playlist on Sporcle, you need to verify the email address you used during registration. Go to your Sporcle Settings to finish the process.

Report this User

Report this user for behavior that violates our Community Guidelines.

Details: